00724nam a2200181 a 450000100100000000500170001000800410002704000250006808200150009310000420010824501520015026000380030230000260034070000370036604900090040395201130041299900170052500003380120200930070529.0110912s1870 000 spa d aDO-SdBNPbengcBNPHU axxxxbR8111 aRoselly de Lorgues,d1805-189895907510aThe life of Christopher Colombus :bFrom authentic Spanish and Italian documents /cCompiled from the French of Roselly de Lorgues. By J. J. Barry. aBoston :bPatrick Donahoe,c1870. axvi, 620 p. ;c21 cm.1 aBarry, John Joachimetrd.959222 aBNPD 001050718MOaPDbPDcCTd2011-09-12iLF1l0oxxxx R811p33801-10r2020-06-25w2020-06-25y1ZNo se presta c33292d33292